MARC

LEADER 00000nam1a2200000 4500
001 128908
005 20231031133129.0
035 |a (RuTPU)RU\TPU\book\139502 
090 |a 128908 
100 |a 20080116d1979 k y0rusy50 ca 
101 0 |a rus 
102 |a RU 
200 1 |a Магматические формации СССР  |e в 2 т.  |f В. Л. Масайтис [и др.]  |g Всесоюзный научно-исследовательский геологический институт (ВСЕГЕИ) 
210 |a Ленинград  |c Недра  |d 1979 
701 1 |a Масайтис  |b В. Л. 
701 1 |a Москалева  |b В. Н. 
701 1 |a Румянцева  |b Н. А. 
701 1 |a Богидаева  |b М. В. 
701 1 |a Благулькина  |b В. А. 
712 0 2 |a Всесоюзный научно-исследовательский геологический институт (ВСЕГЕИ)  |c (Ленинград)  |c (1939-1991)  |2 stltpush  |3 (RuTPU)RU\TPU\col\11367 
801 1 |a RU  |b 63413507  |c 20080116  |g PSBO 
801 2 |a RU  |b 63413507  |c 20150226  |g PSBO 
942 |c BK